000 01088nam a2200241Ia 4500
999 _c36791
_d36791
001 2731
003 GE_BSU
005 20190605205014.0
008 181216s2011||||ge |||||||||||||| ||geo||
020 _a97899410300792
040 _cGE_BSU
041 _ageo
080 _a657(075.8)+65.6–051(0–75.8) ს-36
100 _aსახოკია, გიორგი
_92204
245 _aბუღალტრული აღრიცხვა და აუდიტი :
_bდამხმარე სახელმძღვანელო /
_cგიორგი ა. სახოკია, ჯემალ ანანიძე, გიორგი გ. სახოკია.
264 _aთბილისი :
_bგეორგიკა,
_c2010.
300 _a571 გვ.;
_b21სმ.
653 _aბუღალტრული აღრიცხვა
653 _aაუდიტი
700 _aანანიძე, ჯემალ
_eავტორი
_92205
700 _aსახოკია, გიორგი გ.
_eავტორი
_92206
942 _cBK
_2udc